Kausalmodelle in Geographis, Ökonomie und Soziologie <Eine> Einführung mit Übungen und einem Computerprogramm

Na minha lista:
Detalhes bibliográficos
Autor principal: Güssefeldt, Jörg
Formato: Livro
Idioma:alemão
Publicado em: Berlin Springer 1988
Edição:1. Aufl.
Tags: Adicionar Tag
Sem tags, seja o primeiro a adicionar uma tag!

MARC

LEADER 00000nam a2200000 4500
001 c036310
005 20221206134312.2
041 0 |a ger 
044 |a DE 
245 1 0 |a Kausalmodelle in Geographis, Ökonomie und Soziologie  |b <Eine> Einführung mit Übungen und einem Computerprogramm  |c Jörg Güssefeldt 
250 |a 1. Aufl. 
264 1 |a Berlin  |b Springer  |c 1988 
300 |a 426 s. 
100 1 |a Güssefeldt, Jörg